ALL New Hampshire Cities - Statistics

General Stats
  • This quiz has been taken 25 times
  • The average score is 41 of 234
Answer Stats
County Municipality % Correct
C Merrimack (seat) Concord
84%
M Hillsborough (seat) Manchester
79%
D Strafford (seat) Dover
68%
N Hillsborough (seat) Nashua
63%
H Merrimack Hill
58%
H Hillsborough Hillsborough
58%
M Hillsborough Merrimack
58%
B Coös Berlin
53%
G Grafton Grafton
53%
P Rockingham Portsmouth
53%
C Coös Carroll
47%
D Strafford Durham
47%
H Rockingham Hampton
47%
H Grafton Hanover
47%
S Cheshire Sullivan
47%
K Cheshire (seat) Keene
42%
S Strafford Strafford
42%
D Rockingham Derry
37%
E Rockingham Exeter
37%
L Grafton Lebanon
37%
L Rockingham Londonderry
37%
S Rockingham Salem
37%
A Merrimack Andover
32%
B Hillsborough Bedford
32%
F Merrimack Franklin
32%
L Belknap (seat) Laconia
32%
L Grafton Lincoln
32%
L Grafton Littleton
32%
R Strafford Rochester
32%
W Sullivan Washington
32%
A Carroll Albany
26%
B Merrimack Bow
26%
J Coös Jefferson
26%
L Coös (seat) Lancaster
26%
L Strafford Lee
26%
N Rockingham New Castle
26%
N Merrimack New London
26%
N Rockingham North Hampton
26%
P Coös Pittsburg
26%
R Rockingham Rye
26%
S Rockingham Seabrook
26%
A Sullivan Acworth
21%
A Cheshire Alstead
21%
C Rockingham Chester
21%
C Sullivan Claremont
21%
C Coös Columbia
21%
C Carroll Conway
21%
D Rockingham Danville
21%
H Rockingham Hampton Falls
21%
H Hillsborough Hudson
21%
J Carroll Jackson
21%
K Rockingham Kingston
21%
M Carroll Madison
21%
N Hillsborough New Boston
21%
N Rockingham Newton
21%
P Grafton Plymouth
21%
S Sullivan Springfield
21%
W Cheshire Winchester
21%
A Grafton Alexandria
16%
A Belknap Alton
16%
A Hillsborough Amherst
16%
A Hillsborough Antrim
16%
A Rockingham Atkinson
16%
A Rockingham Auburn
16%
B Belknap Barnstead
16%
B Strafford Barrington
16%
B Belknap Belmont
16%
B Hillsborough Bennington
16%
B Grafton Benton
16%
B Merrimack Bradford
16%
C Rockingham Candia
16%
C Sullivan Charlestown
16%
D Merrimack Danbury
16%
D Rockingham Deerfield
16%
D Cheshire Dublin
16%
E Rockingham East Kingston
16%
F Grafton Franconia
16%
G Hillsborough Greenfield
16%
G Rockingham Greenland
16%
G Hillsborough Greenville
16%
H Hillsborough Hancock
16%
H Carroll Hart's Location
16%
H Merrimack Hooksett
16%
K Rockingham Kensington
16%
L Sullivan Langdon
16%
L Grafton Lisbon
16%
L Hillsborough Litchfield
16%
L Merrimack Loudon
16%
N Cheshire Nelson
16%
N Strafford New Durham
16%
N Rockingham Newfields
16%
N Hillsborough New Ipswich
16%
N Rockingham Newmarket
16%
N Sullivan (seat) Newport
16%
N Rockingham Nottingham
16%
O Grafton Orange
16%
P Hillsborough Peterborough
16%
P Merrimack Pittsfield
16%
P Sullivan Plainfield
16%
R Coös Randolph
16%
R Cheshire Roxbury
16%
S Strafford Somersworth
16%
S Rockingham South Hampton
16%
S Cheshire Surry
16%
T Cheshire Troy
16%
W Cheshire Walpole
16%
W Hillsborough Weare
16%
A Merrimack Allenstown
11%
A Grafton Ashland
11%
B Carroll Bartlett
11%
B Grafton Bath
11%
B Grafton Bethlehem
11%
B Merrimack Boscawen
11%
B Rockingham (seat) Brentwood
11%
B Grafton Bridgewater
11%
B Grafton Bristol
11%
B Carroll Brookfield
11%
B Hillsborough Brookline
11%
C Grafton Campton
11%
C Grafton Canaan
11%
C Merrimack Canterbury
11%
C Belknap Center Harbor
11%
C Carroll Chatham
11%
C Cheshire Chesterfield
11%
C Merrimack Chichester
11%
C Coös Clarksville
11%
C Coös Colebrook
11%
C Sullivan Cornish
11%
C Sullivan Croydon
11%
D Coös Dalton
11%
D Hillsborough Deering
11%
D Grafton Dorchester
11%
D Coös Dummer
11%
D Merrimack Dunbarton
11%
E Grafton Easton
11%
E Carroll Eaton
11%
E Carroll Effingham
11%
E Grafton Ellsworth
11%
E Grafton Enfield
11%
E Rockingham Epping
11%
E Merrimack Epsom
11%
E Coös Errol
11%
F Strafford Farmington
11%
F Cheshire Fitzwilliam
11%
F Hillsborough Francestown
11%
F Carroll Freedom
11%
F Rockingham Fremont
11%
G Belknap Gilmanton
11%
G Hillsborough Goffstown
11%
G Coös Gorham
11%
G Sullivan Goshen
11%
G Sullivan Grantham
11%
H Rockingham Hampstead
11%
H Cheshire Harrisville
11%
H Grafton (seat) Haverhill
11%
H Grafton Hebron
11%
H Merrimack Henniker
11%
H Cheshire Hinsdale
11%
H Grafton Holderness
11%
H Hillsborough Hollis
11%
J Cheshire Jaffrey
11%
L Grafton Landaff
11%
L Sullivan Lempster
11%
L Grafton Lyme
11%
L Hillsborough Lyndeborough
11%
M Strafford Madbury
11%
M Cheshire Marlborough
11%
M Cheshire Marlow
11%
M Hillsborough Mason
11%
M Belknap Meredith
11%
M Strafford Middleton
11%
M Coös Milan
11%
M Strafford Milton
11%
M Grafton Monroe
11%
M Carroll Moultonborough
11%
N Merrimack Newbury
11%
N Rockingham Newington
11%
N Merrimack Northfield
11%
N Coös Northumberland
11%
N Rockingham Northwood
11%
O Carroll (seat) Ossipee
11%
P Hillsborough Pelham
11%
P Merrimack Pembroke
11%
P Grafton Piermont
11%
P Rockingham Plaistow
11%
R Rockingham Raymond
11%
R Cheshire Richmond
11%
R Cheshire Rindge
11%
R Grafton Rumney
11%
S Merrimack Salisbury
11%
S Belknap Sanbornton
11%
S Rockingham Sandown
11%
S Carroll Sandwich
11%
S Hillsborough Sharon
11%
S Coös Shelburne
11%
S Coös Stark
11%
S Coös Stewartstown
11%
S Cheshire Stoddard
11%
S Coös Stratford
11%
S Rockingham Stratham
11%
S Grafton Sugar Hill
11%
S Sullivan Sunapee
11%
S Merrimack Sutton
11%
S Cheshire Swanzey
11%
T Carroll Tamworth
11%
T Hillsborough Temple
11%
T Grafton Thornton
11%
T Belknap Tilton
11%
T Carroll Tuftonboro
11%
U Sullivan Unity
11%
W Carroll Wakefield
11%
W Merrimack Warner
11%
W Grafton Warren
11%
W Grafton Waterville Valley
11%
W Merrimack Webster
11%
W Grafton Wentworth
11%
W Cheshire Westmoreland
11%
W Coös Whitefield
11%
W Merrimack Wilmot
11%
W Hillsborough Wilton
11%
W Rockingham Windham
11%
W Hillsborough Windsor
11%
W Carroll Wolfeboro
11%
W Grafton Woodstock
11%
G Belknap Gilford
5%
G Cheshire Gilsum
5%
G Grafton Groton
5%
H Merrimack Hopkinton
5%
L Grafton Lyman
5%
M Hillsborough Milford
5%
M Hillsborough Mont Vernon
5%
N Belknap New Hampton
5%
O Grafton Orford
5%
R Strafford Rollinsford
5%
No matching quizzes found
Score Distribution
Percent of People with Each Score
Percentile by Number Answered
Your Score History
You have not taken this quiz